00875cam a2200277 a 450000100090000000300050000900500170001400800410003101000170007202000180008902000150010704000180012205000210014008200120016110000470017324501050022025000520032526000610037730000340043850000200047250100080049265000280050065000290052870000210055770000190057815334238Nust20170504111327.0080618s2008 njua 001 0 eng  a 2008274390 a9780136006138 a0136006132 aDLCcDLCdDLC00aQA371b.E33 2008 a515 EDW1 aEdwards, C. Henryq(Charles Henry),d1937-10aElementary differential equations with boundary value problems /cC. Henry Edwards, David E. Penney. a6th ed. /bwith the assistance of David Calvis. aUpper Saddle River, NJ :bPearson/Prentice Hall,cc2008. axi, 760+ p. :bill. ;c26 cm. aIncludes index. aH.B 0aDifferential equations. 0aBoundary value problems.1 aPenney, David E.1 aCalvis, David.